Minimalizácia alebo modernizácia štátu?
Argumentácia potreby vymedzovať štát ako dynamický historicky podmienený jav, identifikácia kľúčových medzníkov jeho kvalitatívnych premien. Modernizácia ako adaptácia, ktorou reaguje na historicky podmienené zmeny tak, že dochádza k pozitívnym civilizačným posunom spoločnosti. Podstatnou črtou mode...
Gespeichert in:
| 1. Verfasser: | |
|---|---|
| Format: | Buchkapitel |
| Sprache: | Slowakisch |
| Schlagworte: | |
| Tags: |
Keine Tags, Fügen Sie das erste Tag hinzu!
|
MARC
| LEADER | 00000naa a2200000 4500 | ||
|---|---|---|---|
| 001 | 0144062 | ||
| 005 | 20231208072309.6 | ||
| 041 | 0 | |a slo | |
| 044 | |a SK | ||
| 245 | 1 | 0 | |a Minimalizácia alebo modernizácia štátu? |c Milan Šikula |
| 520 | |a Argumentácia potreby vymedzovať štát ako dynamický historicky podmienený jav, identifikácia kľúčových medzníkov jeho kvalitatívnych premien. Modernizácia ako adaptácia, ktorou reaguje na historicky podmienené zmeny tak, že dochádza k pozitívnym civilizačným posunom spoločnosti. Podstatnou črtou modernizácie štátu je jeho rastúca a inovujúca sa angažovanosť v ekonomike a spoločnosti. | ||
| 610 | 2 | 0 | |a cykly hospodárske |
| 610 | 2 | 0 | |a štát |
| 610 | 2 | 0 | |a spoločnosť |
| 610 | 2 | 0 | |a história |
| 610 | 2 | 0 | |a kríza hospodárska |
| 610 | 2 | 0 | |a modernizácia |
| 100 | 1 | |a Šikula, Milan | |